000 00626nam a2200229Ia 4500
003 OSt
005 20220924123218.0
006 a|||||r|||| 00| 0
007 ta
008 220923b |||||||| |||| 00| 0 urd d
024 _a321809
037 _cTextual
040 _aARTS
_cARTS
_burd
041 _2urd
_aurd
082 _aQ7:7, 168E4
100 _aKamaluddin Au.
_9192035
245 0 _aIslam mein koi fidqah nahi
260 _aMumbai
_bDaul ashaat kutub islamia India
_c1914
650 _aISLAMIC SECTS
_9192036
942 _hQ7:7, 168E4
_cTEXL
_2CC
999 _c414777
_d414777